书目信息 |
| 题名: |
初涉素描
|
|
| 作者: | 张景林 , 张益铭 编绘 | |
| 分册: | 2 静物 | |
| 出版信息: | 上海 上海大学出版社 2004.05 |
|
| 页数: | 23页 | |
| 开本: | 37×53cm | |
| 丛书名: | ||
| 单 册: | ||
| 中图分类: | J214 | |
| 科图分类: | ||
| 主题词: | 素描--技法(美术)--教材 , 静物画--素描--技法(美术)--教材 | |
| 电子资源: | ||
| ISBN: | 7-81058-658-0 | |
| 000 | 00822nam0 2200253 450 | |
| 001 | 010262147453 | |
| 005 | 20050925105942.90 | |
| 010 | @a7-81058-658-0@dCNY15.80 | |
| 100 | @a20050611d2004 km y0chiy0120 ea | |
| 101 | 0 | @achi |
| 102 | @aCN@b310000 | |
| 105 | @aa z 000yy | |
| 200 | 1 | @a初涉素描@Achu she su miao@h2@i静物@f张景林, 张益铭编绘@Fzhang jing lin,zhang yi ming bian hui |
| 210 | @a上海@c上海大学出版社@d2004.05 | |
| 215 | @a23页@c图@d37×53cm | |
| 330 | @a本书讲解了静物素描的技法。书中给出了作画步骤,并配有作品范画。 | |
| 517 | 1 | @a静物@Ajing wu |
| 606 | 0 | @a素描@x技法(美术)@x教材 |
| 606 | 0 | @a静物画@x素描@x技法(美术)@x教材 |
| 690 | @aJ214@v4 | |
| 701 | 0 | @a张景林@Azhang jing lin@4编绘 |
| 701 | 0 | @a张益铭@Azhang yi ming@4编绘 |
| 801 | 0 | @aCN@bQSSK@c20050925 |
| 905 | @a10447@dJ214@eZ123 | |
| 初涉素描.2.静物/张景林, 张益铭编绘.-上海:上海大学出版社,2004.05 |
| 23页:图;37×53cm |
| ISBN 7-81058-658-0:CNY15.80 |
| 本书讲解了静物素描的技法。书中给出了作画步骤,并配有作品范画。 |
| ● |
| 相关链接 |
|
|
|
正题名:初涉素描
索取号:J214/Z123
 
预约/预借
| 序号 | 登录号 | 条形码 | 馆藏地/架位号 | 状态 | 备注 |
| 1 | 572764 | 205727640 | 自科二线404/309社科库 71排1列1层/ [索取号:J214/Z123] | 在馆 | |
| 2 | 572765 | 205727659 | 自科二线404/404自科库 7排1列1层/ [索取号:J214/Z123] | 在馆 | |
| 3 | 572766 | 205727668 | 社科库309/309社科库 997排5列3层/ [索取号:J214/Z123] | 在馆 |